00922nam a2200217 a 4500001001000000005001700010008004100027041000800068044000700076050002200083100004100105245026100146260008900407300002400496500003700520650003900557650003700596700002500633700002800658700001800686BRCA_366620190320204356.0020909s1984----mx-a---###---#000-0#spa-# aspa amx 4aBX1428b.M33 19841 aMadre de Dios, Agustín de la, Fray10aLos carmelitas descalzos en la Nueva España del siglo XVIIcFray Agustín de la Madre de Dios ; paleografía, notas, selección y estudio introductorio Manuel Ramos Medina ; presentación de la obra Elías Trabulse Atala ; fotografía Federico Gil. aMéxicobProbursa : Departamento de Historia de la Universidad Iberoamericanac1984 a119 p.bil.c31 cm. aIncluye apéndice fotográfico14aCarmelitas en MéxicoySiglo XVII14aCarmelitasxHistoriaySiglo XVII1 aRamos Medina, Manuel1 aTrabulse Atala, Elías1 aGil, Federico